[Event "Edmonton Spring Section A"]
[Site "Edmonton"]
[Date "2002.06.15"]
[Round "3"]
[White "Gardner, Robert"]
[Black "Meharg, Bruce"]
[Result "1/2-1/2"]
[WhiteElo "2251"]
[BlackElo "1885"]
[PlyCount "100"]
[EventDate "2002.06.15"]
[EventType "tourn"]
[EventRounds "5"]
[EventCountry "CAN"]
[SourceTitle "EXT 2017"]
[Source "ChessBase"]
[SourceDate "2016.10.25"]
[SourceVersion "1"]
[SourceVersionDate "2016.10.25"]
[SourceQuality "1"]

1. e4 c5 2. Nf3 d6 3. d4 cxd4 4. Nxd4 Nf6 5. Nc3 a6 6. Be2 e5 7. Nb3 Be7 8. 0-0 0-0 9. Kh1 Be6 10. f4 exf4 11. Bxf4 Nc6 12. Qe1 Ne5 13. Rd1 Qc7 14. Nd4 Ng6 15. Bg3 Rac8 16. Nf5 Bxf5 17. exf5 Ne5 18. Rf4 Rfe8 19. Rfd4 Bf8 20. Qf1 b5 21. a3 Rcd8 22. R1d2 h6 23. Nd5 Nxd5 24. Rxd5 Rc8 25. h3 Rcd8 26. Qd1 Rc8 27. a4 Nc4 28. Bxc4 Qxc4 29. axb5 axb5 30. Bxd6 Bxd6 31. Rxd6 Qe4 32. f6 g6 33. c3 Qf4 34. Kg1 Qe3+ 35. Rf2 b4 36. Rd3 Qb6 37. Qd2 Kh7 38. cxb4 Re6 39. Qf4 Rb8 40. Rd7 Rb7 41. Qd4 Qxd4 42. Rxd4 Rbb6 43. Rd7 Rxf6 44. Rxf7+ Rxf7 45. Rxf7+ Kg8 46. Rf4 g5 47. Re4 Kf7 48. Kf2 Kf6 49. Ke3 h5 50. Kd4 Rxb4+ 1/2-1/2

[Event "Edmonton Spring Section A"]
[Site "Edmonton"]
[Date "2002.06.15"]
[Round "2"]
[White "Meharg, Bruce"]
[Black "Yearwood, Roy"]
[Result "0-1"]
[WhiteElo "1885"]
[BlackElo "2177"]
[PlyCount "90"]
[EventDate "2002.06.15"]
[EventType "tourn"]
[EventRounds "5"]
[EventCountry "CAN"]
[SourceTitle "EXT 2017"]
[Source "ChessBase"]
[SourceDate "2016.10.25"]
[SourceVersion "1"]
[SourceVersionDate "2016.10.25"]
[SourceQuality "1"]

1. d4 d6 2. c4 Nf6 3. Nc3 Bf5 4. Nf3 Nbd7 5. h3 e5 6. Nh4 exd4 7. Qxd4 Be6 8. Nf3 Be7 9. e3 Nc5 10. b4 Na6 11. Rb1 Nxb4 12. Rb2 0-0 13. Qd1 d5 14. a3 Nc6 15. Rxb7 Na5 16. Rb1 dxc4 17. Qxd8 Rfxd8 18. Be2 Nb3 19. Bb2 Nd7 20. 0-0 Ndc5 21. Nb5 Rd7 22. Nbd4 Nd3 23. Bxd3 cxd3 24. Nxe6 fxe6 25. Bxg7 Na5 26. Bc3 Nc4 27. a4 c5 28. Rfd1 Kf7 29. Rb3 Rad8 30. Be5 Nb6 31. a5 c4 32. Rb5 Rd5 33. Rxd5 Nxd5 34. Bd4 Bf6 35. Ne5+ Bxe5 36. Bxe5 c3 37. Rxd3 c2 38. Bb2 Rb8 39. Ba3 Rb1+ 40. Kh2 Ra1 41. e4 Rxa3 42. Rxa3 c1Q 43. Rf3+ Nf4 44. g3 e5 45. gxf4 exf4 0-1